000 01196cam a2200289 a 4500
999 _c8215
_d8215
003 OSt
005 20200923130949.0
008 091005s2010 njua 001 0 eng
010 _a 2009041802
020 _a9780470435489
020 _a0470435488
035 _a(OCoLC)ocn406177269
082 _a741.2
_bLEG
100 1 _aLeggitt, Jim.
245 1 0 _aDrawing shortcuts :
_bdeveloping quick drawing skills using today's technology /
_cJim Leggitt.
246 3 0 _aDeveloping quick drawing skills using today's technology
250 _a2nd ed.
260 _aHoboken, N.J. :
_bJohn Wiley & Sons,
_cc2010.
300 _axi, 251 p. :
_bill. (some col.) ;
_c23 x 28 cm.
500 _aIncludes index.
504 _aIncludes bibliographical references and index.
505 0 _aIntroduction -- Traditional drawing types -- Drawing composition -- Traditional drawing tools -- Traditional coloring tools -- Traditional entourage drawing -- Digital drawing tools -- Tradigital drawing -- Drawing gallery.
650 0 _aDrawing
_xTechnique.
650 0 _aComputer art
_xTechnique.
942 _2ddc